000 00531nam a2200193Ia 4500
005 20250326141833.0
008 250326s9999 xx 000 0 und d
020 _a0-86187-974-0
037 _aTextbook
040 _aFMSL
_beng
_cFMSL
041 _aeng
_2eng
084 _aX8(A).56 M8
_qFMSL
100 _aJohnson C
245 0 _aLloyds bank annual review: Privatization and ownership
_cJohnson C
260 _aNY
_bNY, Pinter
_c1988
300 _a230p
942 _cTB
_hX8(A).56 M8
999 _c1292216
_d1292216